Most Liberal & Conservative US cities - Statistics

General Stats
  • This quiz has been taken 896 times
  • The average score is 16 of 30
Answer Stats
Answer % Correct
Most Liberal New York
96%
Most Liberal San Francisco
90%
Most Liberal Seattle
87%
Most Liberal Boston
86%
Most Liberal Chicago
84%
Most Liberal Portland
84%
Most Liberal Detroit
73%
Most Liberal Washington
73%
Most Liberal Austin
71%
Most Liberal Minneapolis
70%
Most Conservative Oklahoma City
70%
Most Liberal Baltimore
65%
Most Liberal St. Louis
63%
Most Conservative Jacksonville
61%
Most Conservative San Antonio
54%
Most Conservative Tulsa
54%
Most Conservative Omaha
50%
Most Conservative Fort Worth
47%
Most Liberal Buffalo
43%
Most Conservative Anchorage
39%
Most Liberal Oakland
38%
Most Conservative Colorado Springs
35%
Most Conservative Fresno
35%
Most Liberal St. Paul
33%
Most Conservative Virginia Beach
30%
Most Conservative Mesa
26%
Most Conservative Arlington
23%
Most Conservative Anaheim
20%
Most Conservative Corpus Christi
15%
Most Conservative Aurora
11%
No matching quizzes found
Score Distribution
Percent of People with Each Score
Percentile by Number Answered
Your Score History
You have not taken this quiz